Loading...
Nabankur: the seedling`s tale /
| Other Authors: | |
|---|---|
| Format: | Printed Book |
| Published: |
Kolkata:
Stree,
2001.
|
| Subjects: |
| LEADER | 00521cam a2200169ua 4500 | ||
|---|---|---|---|
| 008 | 101127t2001||||||||||| 00 ||||| c | ||
| 082 | |a 891.443 |b SUL/N | ||
| 245 | 0 | 0 | |a Nabankur: the seedling`s tale / |
| 260 | |a Kolkata: |b Stree, |c 2001. | ||
| 300 | |a 246p.. | ||
| 362 | 1 | |a 2001. | |
| 650 | |a Bengali literature | ||
| 650 | 0 | |a Literature | |
| 700 | 0 | 2 | |a Sulekha Sanyal, |
| 942 | |c BK | ||
| 999 | |c 24155 |d 24155 | ||
| 952 | |0 0 |1 0 |4 0 |6 891_443000000000000_SUL |7 0 |9 25699 |a KUCL |b KUCL |d 2014-05-23 |l 0 |o 891.443 SUL/ |p 24657 |r 2014-05-23 |w 2014-05-23 |y BK | ||